000 01147nam2a22002651 4500
001 v19\rc\1631488
005 20250618233355.0
035 _a(NLR Aleph) 004746671
090 _a4518001
_c4518001
100 _a20061002d1901 |||y0rusy50 ca
101 0 _arus
102 _aRU
105 _ay z |||||
200 0 _a... 1900 г.
_e3-й операционный год
210 _d1901
_aБ. м.
215 _a12, 2 с.
461 0 _1001v19\rc\1631485
_12001#$aОтчет Товарищества Григория Бочарова в Харькове...$v... 1900 г.
_94517988
_aТоварищество Харьковского парового маслобойного завода и фабрики масляных красок Г. Бочарова (Харьков)
_cХарьков
_d1899-1913
_tОтчет Товарищества Григория Бочарова в Харькове...
_v... 1900 г.
801 0 _aRU
_bNLR
_gpsbo
801 0 _aRU
_bRuMoRGB
_2psbo
801 1 _aRU
_bProSoft-M
_2rusmarc
852 _aNLR
_j19.121.4.75(3)
899 _aRuMoRGB (1898-1912*)
_jF 66/33
899 _aБАН (1898-1903*)
942 _cBOOK
980 _aNB